Případy soudce Ti: Pomsta Bílého tygra /
Příběh vypráví o sérii podivných událostí, na jejímž počátku je smrt významného muže. Následují záhady, které se zdají být propojené s legendou o "Bílém tygru ", symbolu pomsty. Soudce Ti brzy zjistí, že smrt si nevybrala náhodnou oběť, naopak vražda byla součástí širšího plánu. Za pomoci...
Uloženo v:
| Série: | Nové případy soudce Ti,
část 27 |
|---|---|
| Hlavní autor: | |
| Další autoři: | |
| Médium: | E-audiokniha |
| Vydáno: |
Praha :
Albatros Media a.s.,
2026
|
| Příbuzné jednotky: | Z cyklu::
Nové případy soudce Ti |
| Tagy: |
Žádné tagy |
| LEADER | 02871nim a22005657i 4500 | ||
|---|---|---|---|
| 001 | 302602 | ||
| 007 | sr nunnnnnnned | ||
| 024 | |a 9788074487477 | ||
| 044 | |a xr | ||
| 100 | 1 | |a Lenormand, Frédéric |4 aut | |
| 245 | 1 | 0 | |a Případy soudce Ti: Pomsta Bílého tygra / |c Lenormand, Frédéric |
| 240 | 1 | 0 | |a La Vengeance du Tigre blanc: Une enquete du juge Ti |
| 264 | 1 | |a Praha : |b Albatros Media a.s., |c 2026 | |
| 300 | |a 1 online zdroj (7 hod., 3 min., 0 sek.) | ||
| 336 | |a mluvené slovo |b spw |2 rdacontent | ||
| 337 | |a audio |b s |2 rdamedia | ||
| 338 | |a online zdroj |b cr |2 rdacarrier | ||
| 505 | 0 | 0 | |t 01_Kapitola 01 (22 min., 30 sek.) |
| 505 | 0 | 0 | |t 02_Kapitola 02 (15 min., 19 sek.) |
| 505 | 0 | 0 | |t 03_Kapitola 03 (20 min., 36 sek.) |
| 505 | 0 | 0 | |t 04_Kapitola 04 (18 min., 7 sek.) |
| 505 | 0 | 0 | |t 05_Kapitola 05 (17 min., 1 sek.) |
| 505 | 0 | 0 | |t 06_Kapitola 06 (20 min., 47 sek.) |
| 505 | 0 | 0 | |t 07_Kapitola 07 (15 min., 4 sek.) |
| 505 | 0 | 0 | |t 08_Kapitola 08 (14 min., 4 sek.) |
| 505 | 0 | 0 | |t 09_Kapitola 09 (11 min., 56 sek.) |
| 505 | 0 | 0 | |t 10_Kapitola 10 (13 min., 24 sek.) |
| 505 | 0 | 0 | |t 11_Kapitola 11 (19 min., 44 sek.) |
| 505 | 0 | 0 | |t 12_Kapitola 12 (17 min., 32 sek.) |
| 505 | 0 | 0 | |t 13_Kapitola 13 (18 min., 29 sek.) |
| 505 | 0 | 0 | |t 14_Kapitola 14 (11 min., 44 sek.) |
| 505 | 0 | 0 | |t 15_Kapitola 15 (12 min., 56 sek.) |
| 505 | 0 | 0 | |t 16_Kapitola 16 (9 min., 25 sek.) |
| 505 | 0 | 0 | |t 17_Kapitola 17 (21 min., 49 sek.) |
| 505 | 0 | 0 | |t 18_Kapitola 18 (15 min., 14 sek.) |
| 505 | 0 | 0 | |t 19_Kapitola 19 (15 min., 52 sek.) |
| 505 | 0 | 0 | |t 20_Kapitola 20 (10 min., 42 sek.) |
| 505 | 0 | 0 | |t 21_Kapitola 21 (14 min., 48 sek.) |
| 505 | 0 | 0 | |t 22_Kapitola 22 (11 min., 31 sek.) |
| 505 | 0 | 0 | |t 23_Kapitola 23 (15 min., 9 sek.) |
| 505 | 0 | 0 | |t 24_Kapitola 24 (15 min., 44 sek.) |
| 505 | 0 | 0 | |t 25_Kapitola 25 (14 min., 53 sek.) |
| 505 | 0 | 0 | |t 26_Kapitola 26 (13 min., 4 sek.) |
| 505 | 0 | 0 | |t 27_Kapitola 27 (14 min., 46 sek.) |
| 520 | 2 | |a Příběh vypráví o sérii podivných událostí, na jejímž počátku je smrt významného muže. Následují záhady, které se zdají být propojené s legendou o "Bílém tygru ", symbolu pomsty. Soudce Ti brzy zjistí, že smrt si nevybrala náhodnou oběť, naopak vražda byla součástí širšího plánu. Za pomoci věrných pobočníků a díky svým schopnostem v oblasti dedukce, logiky a čínské filozofie, se postupně dostává k odhalení spletitého spiknutí. | |
| 700 | 1 | |a Rašilov, Saša |4 nrt | |
| 787 | 0 | 8 | |g 27 |i Z cyklu: |t Nové případy soudce Ti |
| 910 | |a RBIT002 | ||
| 998 | |d 427055 |a https://core.palmknihy.cz/api/books/427055/cover?tewgzr |b https://core.palmknihy.cz/api/books/427055/cover/400?tewgzr |c https://core.palmknihy.cz/api/books/427055/cover/50?tewgzr |e 2029-05-31 |i 9788074487477 |l 25380 |q 49 |r 1 |s https://www.palmknihy.cz/kniha/427055 |t audiobook |y 2026 |z 1 |v Nové případy soudce Ti |w 27 | ||
| 999 | |d 302600 | ||